Statistics for Phineas and Ferb Characters by Quote

Click here to take the quiz!

General Stats

  • This quiz has been taken 29 times
  • The average score is 11 of 18

Answer Stats

QuoteEpisode/MovieCharacter% Correct
"You're like the me of the galaxy!"The Chronicles of MeapCandace Flynn
79%
"Women are a mystery."The Mom AttractorFerb Fletcher
79%
"I think the sequence is push the big red button."Meapless in SeattlePhineas Flynn
79%
" I'll be honest, Ferb. I'm having a hard time putting a positive spin on this. But, I guess that's life, huh? One minute you're having the best day ever, the next you're being fed to a monster the size of a two car garage."Across the second dimensionPhineas Flynn
79%
"No, it's a clip show thing."Phineas' Birthday Clip-O-RamaPhineas Flynn
79%
"Wow, it's like your mom was hit by a dynamic ray or something."SupermolluskBuford Van Stomm
74%
"Attention Baljeet, prepare to surrender!"Cranius MaximusPhineas Flynn
74%
"This is some rescue!"Meapless in SeattleDr. Heinz Doofenshmirtz
68%
"He makes history come alive."Last Train to BustvilleFerb Fletcher
68%
"Uh, Phineas?"Sci-Fi Pie FlyIsabella Garcia-Shapiro
68%
"Are you the one that's been making those good inators?"Sleepwalk SurpriseDr. Heinz Doofenshmirtz
63%
"We're in trouble. And I have a feeling that Candace is too."Candace Against the UniversePhineas Flynn
63%
"I thought you said that would be funny."The Lake Nose MonsterBaljeet Tjinder
58%
"What? But, but I'm you!"Across the second dimensionDr. Heinz Doofenshmirtz
58%
"Thanks for believing in your team, Perry the Platypus."The O.W.C.A. Files, Part IIDr. Heinz Doofenshmirtz
47%
"Curse you Pinky the Chihuahua."Isabella and the Temple of SapProf. Esmeralda Poofenplotz
47%
"Just come on in."Candace Against the UniverseSuper Super Big Doctor
21%
"That was not okay."The Lake Nose MonsterBob Webber
16%

Score Distribution

Percentile by Number Answered

Percent of People with Each Score

Your Score History

You have not taken this quiz